|
|
|
|
| LEADER |
00991ncm a22002652a 4500 |
| 001 |
001092802 |
| 003 |
CZ BrMZK |
| 005 |
20110311142142.0 |
| 007 |
qu |
| 008 |
100407s1953 xr |||||||||||||||||zxx d |
| 040 |
|
|
|a BOA001
|b cze
|
| 072 |
|
7 |
|a 785
|x Instrumentální hudba. Symfonická hudba. Hudba pro více nástrojů
|2 Konspekt
|9 9
|
| 100 |
1 |
|
|a Pokorný, Václav,
|d 1918-2011
|7 ola2002108019
|4 cmp
|
| 245 |
1 |
0 |
|a Písnička z mládí
|h [hudebnina] :
|b foxtrot /
|c Václav Pokorný. Modrou tmou : slowfox / Slavoj Procházka
|
| 250 |
|
|
|a 1. vyd.
|
| 260 |
|
|
|a Praha :
|b Státní nakladatelství krásné literatury, hudby a umění,
|c 1953
|
| 300 |
|
|
|a 15 hlasů
|
| 490 |
1 |
|
|a Taneční orchestr ;
|v 29
|
| 700 |
1 |
|
|a Procházka, Slavoj
|7 ola2008474800
|4 cmp
|
| 740 |
0 |
2 |
|a Modrou tmou
|
| 830 |
|
0 |
|a Taneční orchestr (SNKLHU)
|
| 910 |
|
|
|a BOA001
|b Mus3-0318.090
|
| 990 |
|
|
|a MU
|
| 991 |
|
|
|b 201103
|
| 996 |
6 |
|
|b 2619449303
|c Mus3-0318.090
|l MZK
|r Sklad / do 1 hodiny
|n 0
|w 001118164
|u 000010
|a 1
|e BOA001
|j MZK50
|s P
|